000 01060cam a2200301 a 4500
005 20131125035614.0
008 891228s1990 coua b 001 0 eng
020 _a081337863X
020 _a0813378648
041 _aeng
080 _a342
100 1 _aThompson, M.
_q(Michael),
_d1937-
245 1 0 _aCultural theory /
_cMichael Thompson, Richard Ellis, Aaron Wildavsky.
260 _aBoulder, Colo. :
_bWestview Press,
_c1990.
300 _a296 f. :
_bill. ;
_c24 cm.
440 0 _aPolitical cultures
500 _aPreface : f. XIII - XIV
504 _aIncludes bibliographical references and index.
650 0 _aKultura
650 0 _aNdryshimet sociale
650 0 _aPersonaliteti dhe kultura
650 0 _aTipologjia (Psikologji)
700 1 _aEllis, Richard
_q(Richard J.)
700 1 _aWildavsky, Aaron B.
856 4 2 _3Contributor biographical information
_uhttp://www.loc.gov/catdir/enhancements/fy0832/89021491-b.html
856 4 2 _3Publisher description
_uhttp://www.loc.gov/catdir/enhancements/fy0832/89021491-d.html
942 _2udc
_cBK
999 _c342
_d342